000 00347nam a22001337a 4500
003 OSt
008 250215b |||||||| |||| 00| 0 eng d
041 _aeng
100 _aMinistry of Agriculture and Forestry
_97160
245 _aDam Safety Code of Practice
250 _a1st
260 _bMinistry of Agriculture and Foresty,
_c1997.
942 _cBK
999 _c19390
_d19390